| 000 | 00903nam a2200217Ia 4500 | ||
|---|---|---|---|
| 003 | IN-BaIIA | ||
| 008 | 211028s9999 xx 000 0 eng d | ||
| 020 | _a90-277-2198-X | ||
| 040 | _cIIA Library | ||
| 080 |
_a52(082.1) _bASS-123 |
||
| 111 |
_aEslab Symposium on the Sun and the Heliosphere in Three Dimensions _n19th _cLes Diablerets _d1985 June 4-6 _914685 |
||
| 245 | 4 |
_athe Sun and the heliosphere in three dimensions _bproceedings of the XIXth the Sun and the heliosphere in three dimensions, held in Les Diablerets, Switzerland, 4-6 June 1985 _cedited by R. G. Marsden |
|
| 260 |
_aDordrecht _bD. Reidel Publishing _c1986 |
||
| 300 | _axii, 525p. | ||
| 650 | _aAstronomy and Astrophysics thesaurus | ||
| 650 |
_aHeliocentric velocity _914686 |
||
| 650 |
_aHeliosphere _914687 |
||
| 650 |
_aSun _91200 |
||
| 700 |
_aMarsden, R. G., ed. _914688 |
||
| 942 | _cBK | ||
| 999 |
_c8742 _d8742 |
||